000
002490000a22000970004500
100
1
_a
Horrell, J. Scott
245
1
0
_a
Overview of brazilian theology
300
_a
Vol. 7, Num. 1 (Junio, 1997), Páginas 85-112
773
0
_t
Vox Scripturae
942
_c
ANA
999
_c
57154
_d
57154